<?xml version="1.0" encoding="UTF-8"?>
<collection xmlns:xsi="http://www.w3.org/2001/XMLSchema-instance" xsi:schemaLocation="http://www.loc.gov/MARC21/slim http://www.loc.gov/standards/marcxml/schema/MARC21slim.xsd" xmlns="http://www.loc.gov/MARC21/slim">
 <record>
  <leader>00000cam a22000004i 4500</leader>
  <controlfield tag="001">UP-99796217612333127</controlfield>
  <controlfield tag="003">Buklod</controlfield>
  <controlfield tag="005">20161218151448.0</controlfield>
  <controlfield tag="006">a     r    |||| u|</controlfield>
  <controlfield tag="007">ta</controlfield>
  <controlfield tag="008">161218s2014    xx     d     r    |||| u|</controlfield>
  <datafield tag="020" ind1=" " ind2=" ">
   <subfield code="a">9780521281232 (pbk)</subfield>
  </datafield>
  <datafield tag="035" ind1=" " ind2=" ">
   <subfield code="a">(iLib)UPD-00259714252</subfield>
  </datafield>
  <datafield tag="037" ind1=" " ind2=" ">
   <subfield code="a">CAL-12031</subfield>
   <subfield code="b">Fastbooks</subfield>
   <subfield code="c">Php2,395.00</subfield>
   <subfield code="n">Prof. Anna Melinda T. de Ocampo</subfield>
   <subfield code="n">DECL</subfield>
  </datafield>
  <datafield tag="040" ind1=" " ind2=" ">
   <subfield code="a">DLC</subfield>
   <subfield code="d">DCAL</subfield>
   <subfield code="e">rda</subfield>
  </datafield>
  <datafield tag="041" ind1=" " ind2=" ">
   <subfield code="a">eng</subfield>
  </datafield>
  <datafield tag="042" ind1=" " ind2=" ">
   <subfield code="a">DMLUC</subfield>
  </datafield>
  <datafield tag="090" ind1=" " ind2=" ">
   <subfield code="a">PN 45</subfield>
   <subfield code="b">C37 2014</subfield>
  </datafield>
  <datafield tag="100" ind1="1" ind2=" ">
   <subfield code="a">Cascardi, Anthony J.</subfield>
   <subfield code="d">1953-</subfield>
   <subfield code="e">author.</subfield>
  </datafield>
  <datafield tag="245" ind1="1" ind2="4">
   <subfield code="a">The Cambridge introduction to literature and philosophy</subfield>
   <subfield code="c">Anthony J. Cascardi.</subfield>
  </datafield>
  <datafield tag="246" ind1="3" ind2="0">
   <subfield code="a">Introduction to literature and philosophy</subfield>
  </datafield>
  <datafield tag="264" ind1=" " ind2="1">
   <subfield code="a">New York</subfield>
   <subfield code="b">Cambridge University Press</subfield>
   <subfield code="c">2014.</subfield>
  </datafield>
  <datafield tag="300" ind1=" " ind2=" ">
   <subfield code="a">vii, 223 pages</subfield>
   <subfield code="c">24 cm</subfield>
  </datafield>
  <datafield tag="336" ind1=" " ind2=" ">
   <subfield code="a">text</subfield>
   <subfield code="2">rdacontent</subfield>
  </datafield>
  <datafield tag="337" ind1=" " ind2=" ">
   <subfield code="a">unmediated</subfield>
   <subfield code="2">rdamedia</subfield>
  </datafield>
  <datafield tag="338" ind1=" " ind2=" ">
   <subfield code="a">volume</subfield>
   <subfield code="2">rdacarrier</subfield>
  </datafield>
  <datafield tag="504" ind1=" " ind2=" ">
   <subfield code="a">Includes bibliographical references and index.</subfield>
  </datafield>
  <datafield tag="505" ind1="8" ind2=" ">
   <subfield code="a">Machine generated contents note: Introduction; Part I. Questions of Truth and Knowledge: 1. The 'ancient quarrel'; 2. Action, imitations, conventions of make-believe; 3. The single observer standpoint and its limits; 4. Contingency, irony, edification: changing the conversation about truth; Part II. Questions of Value: 5. Values, contingencies, conflicts; 6. Reason and autonomy, imagination and feeling; 7. Forces and the will; 8. Opacity; Part III. Questions of Form: 9. Ubiquitous form; 10. Linguistic turns; 11. Form, narrative, novel; 12. Forms and fragments; Afterword: limits.</subfield>
  </datafield>
  <datafield tag="520" ind1=" " ind2=" ">
   <subfield code="a">&quot;Literature and philosophy have long shared an interest in questions of truth, value, and form. And yet, from ancient times to the present, they have often sharply diverged, both in their approach to these questions and in their relationship to one another. Moreover, the vast differences among individual writers, historical periods, and languages pose challenges for anyone wishing to understand the relationship between them. This Introduction provides a synthetic and original guide to this vast terrain. It uncovers the deep interests that literature and philosophy share while offering a lucid account of their differences. It sheds new light on many standing debates and offers students and scholars of literary criticism, literary theory, and philosophy a chance to think freshly about questions that have preoccupied the Western tradition from its very beginnings up until the present&quot;--Provided by publisher.</subfield>
  </datafield>
  <datafield tag="650" ind1=" " ind2="0">
   <subfield code="a">Literature</subfield>
   <subfield code="x">Philosophy.</subfield>
  </datafield>
  <datafield tag="650" ind1=" " ind2="0">
   <subfield code="a">Philosophy in literature.</subfield>
  </datafield>
  <datafield tag="650" ind1=" " ind2="0">
   <subfield code="a">Truth in literature.</subfield>
  </datafield>
  <datafield tag="650" ind1=" " ind2="0">
   <subfield code="a">Values in literature.</subfield>
  </datafield>
  <datafield tag="650" ind1=" " ind2="0">
   <subfield code="a">Literary form.</subfield>
  </datafield>
  <datafield tag="650" ind1=" " ind2="0">
   <subfield code="a">Criticism.</subfield>
  </datafield>
  <datafield tag="650" ind1=" " ind2="0">
   <subfield code="a">Literature</subfield>
   <subfield code="x">History and criticism</subfield>
   <subfield code="x">Theory, etc.</subfield>
  </datafield>
  <datafield tag="856" ind1="4" ind2="2">
   <subfield code="3">Cover image</subfield>
   <subfield code="u">http://assets.cambridge.org/97811070/10543/cover/9781107010543.jpg</subfield>
  </datafield>
  <datafield tag="905" ind1=" " ind2=" ">
   <subfield code="a">FO</subfield>
  </datafield>
  <datafield tag="852" ind1="0" ind2=" ">
   <subfield code="a">UPD</subfield>
   <subfield code="b">DCAL</subfield>
   <subfield code="h">PN 45</subfield>
   <subfield code="i">C37 2014</subfield>
  </datafield>
  <datafield tag="942" ind1=" " ind2=" ">
   <subfield code="a">Book</subfield>
  </datafield>
 </record>
</collection>
